Technické normy v obalové technice

Salvato in:
Dettagli Bibliografici
Autore principale: Holoubek, Ladislav
Altri autori: Lukešová, Jana, Šťastný, Petr
Natura: Libro
Lingua:ceco
Pubblicazione: Praha Československá obchodní a průmyslová komora 1981
Serie:Otázky obchodní techniky
Tags: Aggiungi Tag
Nessun Tag, puoi essere il primo ad aggiungerne!!

MARC

LEADER 00000nam a2200000 4500
001 c111628
005 20041019155150.4
041 0 |a cze 
044 |a CZ 
245 1 0 |a Technické normy v obalové technice  |c Ladislav Holoubek, Jana Lukešová a Petr Šťastný 
264 1 |a Praha  |b Československá obchodní a průmyslová komora  |c 1981 
300 |a 116 s. 
490 1 |a Otázky obchodní techniky 
830 0 |a Otázky obchodní techniky 
100 1 |a Holoubek, Ladislav 
700 1 |a Lukešová, Jana 
700 1 |a Šťastný, Petr